000 00313nam a22001457a 4500
008 221101b ||||| |||| 00| 0 eng d
020 _a674845455
041 _aeng
080 _a101
082 _a101 LOE
100 _a44.1
101 _aFIL
245 _aSTRUGGLE FOR SYNTHESIS
_cLOEMKER L
942 _2udc
_cBK
999 _c58711
_d58711